Vědeckotechnický rozvoj v socialismu

Gespeichert in:
Bibliographische Detailangaben
1. Verfasser: Kreimová, E.
Weitere Verfasser: Meskářová, I.
Format: Buch
Sprache:Tschechisch
Veröffentlicht: Praha Ekonomický ústav ČSAV 1978
Tags: Tag hinzufügen
Keine Tags, Fügen Sie das erste Tag hinzu!

MARC

LEADER 00000nam a2200000 4500
001 c140437
005 20041019155318.9
041 0 |a cze 
044 |a CZ 
245 1 0 |a Vědeckotechnický rozvoj v socialismu  |c E. Kreimová, I. Meskářová 
264 1 |a Praha  |b Ekonomický ústav ČSAV  |c 1978 
300 |a 95 s. 
100 1 |a Kreimová, E. 
700 1 |a Meskářová, I.